- Rivera, Diego,
Entry Nombre Personal
001 - NUMERO DE CONTROL
- campo de control: 30486
003 - IDENTIFICADOR DE NUMERO DE CONTROL
- campo de control: DLC
005 - FECHA Y HORA DE LA ÜLTIMA TRANSACCIÓN
- campo de control: 20240410165045.0
008 - DATOS DE LONGITUD FIJA
- campo de control de longitud fija: 790702n| azannaabn |b aaa
010 ## - NÚMERO DE CONTROL DE LA BIBLIOTECA DEL CONGRESO
- Número de control LC: n 79056051
035 ## - NUMERO DE CONTROL
- Número de control: (OCoLC)oca00289158
040 ## - FUENTE DE CATALOGACIÓN
- Agencia original de catalogación: DLC
- Lenguaje de catalogación: spa
- Description conventions: rda
- Agencia de transcripción: DLC
- Agencia que lo modifica: DLC
- Agencia que lo modifica: OCoLC
- Agencia que lo modifica: UPB
- Agencia que lo modifica: DLC
- Agencia que lo modifica: UPB
- Agencia que lo modifica: OCoLC
- Agencia que lo modifica: MX-MxUPN
046 ## - FECHAS CON CODIFICACIÓN ESPECIAL
- Fecha de nacimiento: 1886-12-08
- Fecha de muerte: 1957-11-24
- Fuente del formato de fecha: edtf
100 1# - ENCABEZAMIENTO - NOMBRE PERSONAL
- Nombre personal: Rivera, Diego,
- Fechas asociadas con el nombre: 1886-1957
370 ## - LUGAR ASOCIADO
- Place of birth: Guanajuato (México)
- Place of death: Ciudad de México
372 ## - CAMPO DE ACTIVIDAD
- Field of activity: Realismo social
373 ## - GRUPO ASOCIADO
- Associated group: Academia Nacional de San Carlos (Mexico)
- Fuente del término: naf
374 ## - OCUPACIÓN
- Occupation: Muralista
- Occupation: Pintor
377 ## - LENGUA ASOCIADA
- Language code: spa
378 ## - FORMA COMPLETA DE NOMBRE PERSONAL
- Fuller form of personal name: Diego María Rivera Barrientos
400 1# - VEÁSE - NOMBRE DE PERSONA
- Personal name: Rivera Barrientos, Diego María,
- Dates associated with a name: 1886-1957
670 ## - FUENTE EN LA QUE SE LOCALIZARON DATOS
- Cita de la fuente: Worcester Art Museum, Worcester, Mass. Exhibition of sketches ...
670 ## - FUENTE EN LA QUE SE LOCALIZARON DATOS
- Cita de la fuente: Rivera Barrientos, M. del P. Mi hermano Diego, 1986:
- Información localizada: p. 11 (Diego María Rivera Barrientos) p. 24 (b. Dec. 8, 1886) p. 219 (Diego Rivera; b. Guanajuato) p. 221 (d. Nov. 24, 1957; muralista)
670 ## - FUENTE EN LA QUE SE LOCALIZARON DATOS
- Cita de la fuente: Diego Rivera, una retrospectiva, 1986:
- Información localizada: p. 9 (José Diego María de la Concepción Juan Nepomuceno Estanislao de la Rivera Barrientos Acosta y Rodríguez)
670 ## - FUENTE EN LA QUE SE LOCALIZARON DATOS
- Cita de la fuente: Wikipedia, via WWW, June 12, 2012
- Información localizada: (Diego Rivera; Diego María de la Concepción Juan Nepomuceno Estanislao de la Rivera y Barrientos Acosta y Rodríguez; born December 8, 1886 in Guanajuato; died November 24, 1957 in Mexico City; Mexican painter, muralist, and husband of Frida Kahlo. His large wall works in fresco helped establish the Mexican Mural Movement in Mexican art. He studied at the Academy of San Carlos in Mexico City)
902 ## - CATALOGADOR
- Catalogador: Víctor Ruiz/100424
